100 Income Tax Saving Tips For Common People/ (Record no. 208423)

MARC details
000 -LEADER
fixed length control field 00591nam a22001817a 4500
005 - DATE AND TIME OF LATEST TRANSACTION
control field 20250113145902.0
010 ## - LCCN (DPL NO)
LC control number ENG-143363
020 ## - INTERNATIONAL STANDARD BOOK NUMBER
Terms of availability 200.00
International Standard Book Number 9788193092453
035 ## - SYSTEM CONTROL NUMBER
System control number EN-126895
037 ## - SOURCE OF ACQUISITION
Source of stock number/acquisition DBAD
082 ## - DEWEY DECIMAL CLASSIFICATION NUMBER
Classification number 336.24
100 ## - MAIN ENTRY--PERSONAL NAME
Personal name K. Kiran Kumar
245 ## - TITLE STATEMENT
Title 100 Income Tax Saving Tips For Common People/
Statement of responsibility, etc by K. Kiran Kumar
260 ## - PUBLICATION, DISTRIBUTION, ETC. (IMPRINT)
Place of publication, distribution, etc Hyderabad
Name of publisher, distributor, etc Sri Laasya Publications
Date of publication, distribution, etc 2016
270 ## - ADDRESS
City Hyderabad
Address Flat No. 102, Divyasai Apartments, H. No 1-9-285/9/1, Vidyanagar,
Postal code 500044
300 ## - PHYSICAL DESCRIPTION
Extent 160p. :
Other physical details 21cm(pb).
942 ## - ADDED ENTRY ELEMENTS (KOHA)
Source of classification or shelving scheme Dewey Decimal Classification
Item type English Books
Classification part 336.24
Call number suffix KKI
Holdings
Withdrawn status Lost status Not for loan Collection code Home library Current library Date acquired Source of acquisition Cost, normal purchase price Full call number Barcode Copy number Cost, replacement price Koha item type
      Non-fiction Central Library Central Library 13/01/2025 Delivery of Books Act Division 200.00 336.24 KKI EN-126895 1 200.00 English Books

© Delhi Public Library
Hit Counter
free hit counter